00810cam a2200241 a 450000100100000000500170001000800410002702000150006803500190008304000300010208200240013210000370015624500870019325000110028026000370029130000210032849000440034950000380039365000240043165000360045570000300049183000470052100000985920200929161733.0760428s1977 sp b 000 p spa  a8432238317 a(DLC) 76459977 aDO-SdBNPbspacDLCdBNPHU a861.64bA366v, 19771 aAleixandre, Vicente,d1898-1984.10aAntología total /cVicente Aleixandre ; selección y prólogo, Pere Gimferrer. a2a ed. aBarcelona :bSeix Barral,c1977. a411 p. ;c20 cm.1 aBiblioteca breve de bolsillov30aMayor a2da reimpresión, abril de 1978. 4aPoesía española 4aLiteratura españolaySIGLO XX1 aGimferrer, Pere,epról. 0aBiblioteca breve de bolsillo ;v30,pMayor